00199nam a2200073Ia 4500008004100000100002200041245004400063260001800107170524s9999 xx 000 0 und d aBAUMOL- WILLAM J. 0aECONOMIC THEORY AND OPERATIONS ANALYSIS bPHI NEW DELHI